|
|
|
|
| LEADER |
01151nam a2200241 u 4500 |
| 001 |
10113139 |
| 003 |
upatras |
| 005 |
20210117205044.0 |
| 008 |
140625m1986 gr gre |
| 040 |
|
|
|a GR-PaULI
|c GR-PaULI
|
| 041 |
0 |
|
|a gre
|
| 084 |
|
|
|a QT 34
|
| 100 |
1 |
|
|a Προυκάκης, Χαράλαμπος Χ.
|4 aut
|9 1040
|
| 245 |
1 |
0 |
|a Ιατρική φυσική
|c Χαράλαμπος Χ. Προυκάκης
|
| 260 |
|
|
|a Αθήνα
|b Επιστημονικές Εκδόσεις Γρηγορίου Κ. Παρισιάνου
|
| 300 |
|
|
|a 1 τ.
|b σχήμ.
|c 28 εκ.
|
| 504 |
|
|
|a Περιλαμβάνει βιβλιογραφία και ευρετήριο
|
| 505 |
0 |
|
|a τ.3: Μέρος α' θερμότητα, μέρος β' ηλεκτρισμός-ηλεκτρονική. - 135 σ. - 1986
|
| 852 |
|
|
|a GR-PaULI
|b ΠΑΤΡΑ
|b ΙΑΤΡΙΚΗ
|k ΑΣΧΕ-10
|h QT 34 ΠΡΟ
|m 6508
|p 025000173947
|t 1
|3 τ3
|
| 942 |
|
|
|2 ddc
|c BK15
|
| 952 |
|
|
|0 0
|1 0
|3 τ3
|4 0
|6 QT_34_000000000000000_ΠΡΟ
|7 0
|9 167427
|a MEDI
|b MEDI
|d 2016-04-24
|i 6508
|l 0
|o QT 34 ΠΡΟ
|p 025000173947
|r 2016-04-24 00:00:00
|t 1
|w 2016-04-24
|y BK15
|
| 998 |
|
|
|c ΜΑΝΙΑΚΗ
|d 2014-06
|
| 999 |
|
|
|c 104756
|d 104756
|